[Event "Olympiad-41"]
[Site "Tromsoe"]
[Date "2014.08.06"]
[Round "5.1"]
[White "Mamedyarov, Shakhriyar"]
[Black "Ivanisevic, Ivan"]
[Result "1-0"]
[WhiteElo "2743"]
[BlackElo "2613"]
[Annotator "Marin,M"]
[PlyCount "59"]
[EventDate "2014.08.02"]
[EventType "team-swiss"]
[EventRounds "11"]
[EventCountry "NOR"]
[SourceTitle "CBM 162"]
[Source "ChessBase"]
[SourceDate "2014.09.17"]
[SourceVersion "1"]
[SourceVersionDate "2014.09.17"]
[SourceQuality "1"]
[WhiteTeam "Azerbaijan"]
[BlackTeam "Serbia"]
[WhiteTeamCountry "AZE"]
[BlackTeamCountry "SRB"]

1. d4 ({It is interesting to compare the variation played in this game with a
modern English anti-Nimzo setup:} 1. Nf3 Nf6 2. c4 e6 3. Nc3 Bb4 4. g4 $5 {
In this variation Black has less control in the centre and White has not spent
a tempo on committing his queen, so intuitively I would say that Black's
chances of finding a clear-cut antidote are slimmer. But at the same time
hundreds of games have been played starting from this position and there is no
better theoretician than the accumulation of practice!}) 1... Nf6 2. c4 e6 3.
Nc3 Bb4 4. Qc2 Nc6 5. Nf3 d6 {This is one of my favourite ways of meeting 4.
Qc2. Black avoids the theoretical lines by setting up a strategic battle where
understanding plans and structures is more important than memorising
lines-lines-lines. White's main continuations are 6.a3 and 6.Bd2, but after
the previous round win with Black Mamedyarov was in an aggressive mood.} 6. g4
$5 {"Almost" a novelty. The early advance of the g-pawn has become a common
pattern in many openings. Imagine, they have tried it in the good old
Tartakower Queen-s Gambit! But every time it pops up in a new form, the
surprise effect may be at least as big as when Bogoljubov faced Keres' 6.g4 in
the Scheveningen Sicilian, back in 1943. Since Black has relatively good
control in the centre in our Nimzo-Indian position, this attack should not be
too dangerous, but meeting it over the board may be unpleasant without
previous (at least brief) preparation. "Did my opponent analyse this
thoroughly or is it just an experiment?" Or: "Could he have meant 6.g3, but
dropped the pawn one square too far?" And finally, after failing to answer
those above: "Should I have played the Queen's Gambit Accepted?!" These are
the kind of questions that may be assaulting the player with Black while his
team-mates would think he is emerged in deep calculation. Or at least this
would happen with me, maybe other players have better over-the-board
discipline.} e5 {Ivan replied relatively fast, after eight minutes. After all,
...e6-e5 is the main idea of the whole variation. However, there are many
reasonable alternatives.} ({If taken by surprise, I would probably play} 6...
h6 {kindly inviting my opponent to justify weakening his kingside so early.
Two weeks after the Tromso game, Black used this method in a tournament game:}
7. g5 hxg5 ({An older game went} 7... Bxc3+ $1 {This seems to be the more
accurate move order. If 8.bxc4 hxg5 would transpose to the nezt comment, while}
8. Qxc3 $6 Ne4 9. Qd3 Nxg5 10. Bxg5 hxg5 11. Rg1 e5 12. d5 Ne7 13. Rxg5 g6 $15
{left Black with the better structure in Popovics,A (2404)-Bakos,B (2401)
Hungary 2007 (0-1, 29)}) 8. Bxg5 Bxc3+ 9. Qxc3 $1 (9. bxc3 b6 10. h4 Qe7 11. h5
Bb7 12. Bg2 Na5 {offers Black pleasant Nimzo-Indian play.}) 9... Ne4 $6 10.
Bxd8 Nxc3 11. Bxc7 Ne4 {Gajek,R (2355)-Belezky,A (2454) Dresden 2014 (0-1, 51)}
12. c5 $1 dxc5 13. dxc5 Nxc5 14. Rg1 g6 15. Rc1 b6 (15... Ne4 16. Rc4 $14) 16.
Bd6 $14) ({The other way of reacting in the centre would be} 6... d5 {,
preparing to meet} 7. g5 {with} Ne4 {when it would be far from clear if the
extra tempo has served for anything other than weakening his position.}) ({
Finally, the pawn is not really poisoned:} 6... Nxg4 7. Rg1 e5 8. d5 {This
forces Black taking a decision regarding the bishop. But the choice is by one
item wider than it may seem!} Bc5 $3 (8... Ne7 $2 9. Qa4+) (8... Bxc3+ {
is a small concession:} 9. Qxc3 $14 {[%csl Yc1,Yf1]} Nd4 $6 10. Nxd4 exd4 11.
Qxd4 Ne5 12. Be3 $16 {Chatalbashev,B (2585)-Vocaturo,D (2415) Deizisau 2008 
(1-0, 56)}) 9. Ne4 ({The intermediate} 9. Rxg4 $2 {does not work because of
the counter-intermediate} Nb4 10. Qa4+ Bd7 $19 {[%cal Gd7g4]}) (9. dxc6 Bxf2+
10. Kd1 Bxg1 11. cxb7 Bxb7 12. Nxg1 O-O $17) 9... Nb4 $132) 7. dxe5 $146 {
Judging from the relatively long period of thought (11 minutes) on this move,
we could infer that Mamedyarov was improvising after all. He could hardly have
missed Black's last move during his anayisis.} (7. g5 Nh5 (7... Nd7 $5) 8. a3
Bxc3+ 9. Qxc3 Qe7 ({Abstractly,} 9... e4 $6 {is dubious because it weakens the
dark squares, transforming the c1-bishop into a potential danger. Concretely,}
10. d5 $1 $14 {is very strong, as in Kocwin,B (2212)-Szotek,J (2019) Karvina
2012 (1-0, 27)}) 10. Rg1 a5 $5 $13) 7... dxe5 {This natural move, played
almost without thinking, allows White to get the kind of position he was
aiming for, although objectively Black seems to be still OK.} ({Black could
have changed the course of the game with} 7... Nxg4 $5 {for instance} 8. Bg5
Qd7 9. exd6 Bxd6 {with good play for... both sides!}) 8. g5 Bxc3+ {This
practically forces White into spoiling his structure, but the dynamic
compensation he gets for it is more relevant.} (8... Nd7 {would ensure White
some small advantage after} 9. a3 Bxc3+ 10. Qxc3 $14) 9. bxc3 (9. Qxc3 {
would allow Black to gain time for his development with} Ne4 10. Qe3 Bf5) 9...
Nd7 $6 {After this passive move, obstructing the undeveloped queen and bishop,
Black's position becomes difficult.} (9... Nh5 10. Ba3 Qd7 {followed by ...Qf5
soon would have offered better chances for a balanced fight.}) 10. Ba3 {
This simple bishop move paralyses the enemy king and queen!} Nb6 $2 {It seems
that Ivan had lost his feel for danger completely, as he played this 
(virtually decisive) mistake almost instantly.} (10... Na5 {followed by ...
c7-c5 would have allowed Black to get castled.} 11. Qa4 {should not take Black
away from his intended path:} c5 {since} 12. Nxe5 $6 Qc7 {would offer Black at
least some compensation for the missing pawn. In the long run, the chronic
weakness of the c4-pawn would be a telling factor, while the a3-bishop would
face the risk of becoming the worst piece on board.} 13. Ng4 {The knight is
heading for e3, defending c4 and controllng d5. On the way, it may create some
kingside threats if Black hurries to castle short.} (13. Nxd7 $2 Bxd7 14. Qc2
O-O $17 {[%csl Ga3,Gc4]}) (13. Nd3 b6 14. Bg2 Bb7 15. Bxb7 Qxb7 16. O-O O-O $44
{[%csl Ga3,Gc4]}) 13... b6 (13... Nc6 $5 {[%cal Gd7b6] is less thematic, but
maybe playable:} 14. Qc2 Qa5 15. Bc1 O-O 16. Bg2 Nd4 17. Qd2 Nb3 18. axb3 Qxa1)
14. Bg2 Bb7 15. Bxb7 Qxb7 16. O-O-O O-O-O 17. Rd5 (17. Ne3 h6 18. gxh6 Rxh6 $44
) 17... Rhe8 18. Ne3 Qc6 19. Qb5 Kc7 $44 {A funny line would be} 20. Rhd1 Qxb5
21. cxb5 Rxe3 22. fxe3 Nc4 23. Bb2 Nxe3 24. c4 Nxd1 25. Kxd1 f6 {[%csl Gb2,Re2]
with just marginally better play for White in the endgame.}) 11. Rd1 Bd7 12.
Bh3 {Mamedyarov took almost ten minutes before playing this winning move. He
might have simply been trying to understand whether his opponent had some
trump up to his sleeve.} Bxh3 {A desperate measure.} ({Theer was no other way
to free himself from the pin, for instance} 12... Qc8 13. Rxd7 Nxd7 14. O-O {
followed by Rd1.}) 13. Rxd8+ Rxd8 14. Qe4 {Under different circumstances (that
is, with his king on b8 or g8) Black would have excellent compensation for the
queen, due to White's weaknesses on the light squares. But with the king in
the centre Black is helpless.} Na4 {Setting up a nice trap.} 15. Qe3 ({Only not
} 15. Nxe5 $2 Rd1+ 16. Kxd1 Nxc3+ {wins}) 15... Rd7 16. Nd4 Bg2 17. Rg1 Kd8 18.
Nf5 Be4 19. Nxg7 {The rest is agony. Black does not even have the structural
element to his favour.} Bg6 20. Qh3 Nb6 21. Nh5 f5 22. gxf6 Nxc4 23. Be7+ Nxe7
24. fxe7+ Rxe7 25. Nf6 Bf7 26. Rg7 Be6 27. Qh6 Nd6 28. Rxe7 Kxe7 29. Ne4 Nxe4
30. Qg7+ 1-0

[Event "GBR-ch 97th"]
[Site "Canterbury"]
[Date "2010.07.27"]
[Round "2"]
[White "Williams, Simon Kim"]
[Black "Littlewood, Paul E"]
[Result "1-0"]
[WhiteElo "2511"]
[BlackElo "2361"]
[Annotator "Martin,A"]
[PlyCount "115"]
[EventDate "2010.07.26"]
[EventType "swiss"]
[EventRounds "11"]
[EventCountry "ENG"]
[SourceTitle "CBM 137 Extra"]
[Source "ChessBase"]
[SourceDate "2010.09.01"]
[SourceVersion "1"]
[SourceVersionDate "2010.09.01"]
[SourceQuality "1"]

1. d4 Nf6 2. c4 e6 3. Nf3 Nc6 4. Nc3 Bb4 5. Qc2 d6 6. a3 Bxc3+ 7. Qxc3 Ne7 $6 {
With any of 7...Qe7, 7...a5 or 7...0-0 available, it is hard to see why
Littlewood plays this knight retreat. The knight heads to g6, a very poor
square and Black has to spend a lot of time later on repositioning the knight
once again.} 8. g3 O-O ({I would have thought} 8... b6 9. Bg2 Bb7 {to be
better.}) 9. Bg2 Ng6 10. b4 Qe7 11. Bb2 $16 {[%csl Yb2] The dark-squared
Bishop cannot be opposed and thus the theme of the coming middlegame should
focus on how much pressure White can bring to bear on those squares.} Ne4 12.
Qc2 f5 13. e3 ({I am a little surprised that Simon didn't play} 13. h4 $1 {
which looks very troublesome for the knight and Black's dark squares in
general. Black is in some trouble after this:} Qf6 (13... Nh8 14. Nd2 Nxd2 15.
Qxd2 Nf7 16. c5 $16) 14. h5 Ne7 15. h6 g6 (15... gxh6 16. Nd2 Ng5 17. Rh4 Kg7
18. O-O-O a5 19. Rdh1 $16) 16. Nd2 Nxd2 17. Qxd2 f4 18. g4 e5 19. Bf3 $16)
13... c6 14. O-O h5 15. Nd2 (15. h4 $1 {may be even stronger this time,fixing
the pawn on h5.}) 15... Nxd2 16. Qxd2 h4 17. f4 d5 18. a4 Bd7 19. b5 Rfc8 20.
Ba3 Qe8 21. Rfe1 $5 {A perplexing move,which nobody in the commentary room
could understand or predict. I suppose it is directed against ....dxc4 after
which White could unleash an attack with e3-e4} ({However} 21. Rfc1 {was more
natural, based on} dxc4 $6 (21... hxg3 22. hxg3 dxc4 23. Rxc4) 22. Rxc4 cxb5
23. Rxc8 Bxc8 24. axb5 Qxb5 25. d5 {and White has a dangerous initiative.
Black has to be very careful opening up the game in this manner.}) 21... Qf7
22. Qb4 Nf8 ({Rejecting alternative counterplay with} 22... cxb5 23. cxb5 Rc4
24. Qb3 Rac8) 23. cxd5 $6 (23. Rec1 hxg3 24. hxg3 Nh7 25. Rc2 Nf6 26. Rac1 $14)
23... exd5 (23... cxd5 24. Rac1 Rxc1 25. Rxc1 Rc8 26. Rxc8 Bxc8 27. Qc5 $18)
24. Qe7 hxg3 25. hxg3 Nh7 26. bxc6 Bxc6 27. Qh4 Qe6 ({A younger Littlewood
would certainly have been more bold:} 27... Bxa4 $1 28. Bc5 (28. Bd6 Bb5 29.
Bf3 Nf6 30. Ra2 Bd3 $17) 28... b5 29. g4 fxg4 30. Qxg4 Nf6 31. Qg5 a5 $13) 28.
Be7 Be8 29. Ra2 Rc3 30. Bf3 Bg6 31. Rae2 Re8 32. Bg5 Qf7 $138 (32... Qd6 $1 {
keeps in touch with the queenside and prevents Qh1:} 33. Qh1 Nxg5 34. fxg5
Qxg3+ $17 {After 32...Qd6 it would be Black holding the winning chances.}) 33.
Qh1 Nxg5 34. fxg5 Re4 35. Bxe4 dxe4 36. Rh2 $138 (36. Qh4 {transferring to f4
right away, looks more appropriate}) 36... Qb3 37. Rhe2 Qxa4 38. Qh4 Rc2 39.
Qf4 Rxe2 40. Rxe2 Qd1+ 41. Qf1 Qb3 (41... Qxf1+ 42. Kxf1 Bf7 43. Rc2 $1 {
shows why the rook is better than the bishop:} a5 (43... b5 44. Rc8+ Kh7 45.
Ra8 Kg6 46. Rxa7 b4 47. Ke2 Bd5 48. Rd7 Bc4+ 49. Kd2 Kxg5 50. Rxg7+ Kf6 51. Rb7
b3 52. Kc3 Bd5 53. Rb6+ Kg5 54. Rxb3 $18) 44. Rc8+ Kh7 45. Rc7 $18) 42. Qc1 Qe6
43. Qc7 Be8 44. Qxb7 Qc4 45. Qb2 Bb5 46. Qa2 {The complications subside into
an easy endgame for White.} Qxa2 47. Rxa2 a6 48. Rc2 Kf7 49. Rc7+ Kg6 50. Kf2
Kxg5 51. Rxg7+ Kf6 52. Rc7 Ke6 53. Rc3 Bd3 54. Kg2 Kf6 55. Kh3 Bf1+ 56. Kh4 Bb5
57. Rc7 Kg6 58. Rb7 {Struggle of the day, rather than game of the day ,is the
right way to describe this fight.} 1-0

[Event "Metz op 31th"]
[Site "Metz"]
[Date "2013.04.23"]
[Round "5"]
[White "Migot, Tangi"]
[Black "Riff, Jean Noel"]
[Result "1-0"]
[WhiteElo "2311"]
[BlackElo "2467"]
[Annotator "Metz Alekhine/Primel,D"]
[PlyCount "59"]
[EventDate "2013.04.20"]
[EventType "swiss"]
[EventRounds "9"]
[EventCountry "FRA"]
[SourceTitle "EXT 2016"]
[Source "ChessBase"]
[SourceDate "2015.10.08"]
[SourceVersion "1"]
[SourceVersionDate "2015.10.08"]
[SourceQuality "1"]
[TimeControl "40/5400:1800+30"]
[WhiteClock "1:30:00"]
[BlackClock "1:30:00"]

1. d4 Nf6 2. c4 e6 3. Nc3 Bb4 4. Qc2 Nc6 {[%cal Gd7d6,Ge6e5] La variante de
Zurich} 5. Nf3 d6 6. Bd2 {[%cal Gd2c3,Ga2a3] Un coup un peu paradoxal après
avoir joué Qc2 mais les Blancs préfèrent garder le contrôle de la case "e4"
} Qe7 (6... O-O {Bareev,E (2714)-Timman,J (2578) Corus Wijk aan Zee 2004 (9)
0-1}) 7. a3 Bxc3 8. Bxc3 O-O 9. g3 (9. b4) (9. e3) 9... e5 {La poussée
thématique} 10. d5 {68} (10. dxe5 $6 dxe5 11. Bg2 Rd8 $11 {Gurevich,D (2545)
-Benjamin,J (2620) New York op 1994 (6) 1/2-1/2}) 10... Nb8 {88} (10... e4 11.
Ng5 Ne5 12. Nxe4 Nxe4 13. Qxe4 f5 14. Qe3 f4 15. gxf4 Rxf4 16. O-O-O Qf7 17.
Rg1 Rxf2 18. Bxe5 dxe5 19. Qxe5 Bd7 20. Qd4 g6 21. e4 Qf4+ 22. Kb1 Re8 23. Bd3
Rxh2 24. c5 Qe5 25. Qb4 b6 26. c6 Bc8 27. Bc2 Kg7 {1/2-1/2 (27) Malakhov,V 
(2706)-Ponomariov,R (2739) Khanty-Mansiysk 2009}) 11. Bg2 (11. Nh4 $5) 11... a5
12. b4 (12. b3 $142 c6 13. Nd2 {Gordon,S (2521)-Meszaros,G (2255) GBR-ch 100th
2013 (11) 1-0}) 12... axb4 13. axb4 Rxa1+ 14. Bxa1 b5 $146 (14... c6 15. e4
cxd5 16. exd5 b5 17. O-O bxc4 18. Nd2 Ba6 19. Bc3 Bb7 20. Nxc4 Bxd5 21. Bxd5
Nxd5 22. Rd1 Qe6 23. Ba1 Nd7 24. Qd3 N7f6 25. b5 Qh3 26. Qf1 Qd7 27. b6 Rb8 28.
Bb2 Nxb6 29. Bxe5 Nxc4 30. Qxc4 Ne8 31. Qd3 Rd8 32. Bd4 h6 33. Ra1 Rc8 34. Be3
Nf6 35. Ra6 Qh3 36. Rxd6 Ng4 37. Rd8+ Rxd8 38. Qxd8+ Kh7 39. Qd3+ g6 40. Qb3
Qxh2+ 41. Kf1 Nxe3+ 42. Qxe3 Qh1+ 43. Ke2 Qd5 44. Kf1 {Fodor,T (2269)
-Prohaszka,P (2265) Budapest 2005 1/2-1/2 (81)}) 15. O-O {63} Nbd7 {87
Continuant de blitzer l'ouverture} (15... bxc4 $142 16. Qxc4 Nbd7 17. e4 Nb6
18. Qd3 Bd7 19. Rc1) 16. cxb5 Nb6 17. e4 Bg4 18. h3 (18. Nd2 $5 Be2 19. Rc1
Bxb5 20. Qxc7 $16) 18... Bxf3 19. Bxf3 Ra8 {Les compensations des Noirs sont
insuffisantes} 20. Kg2 {[%emt 0:00:33]} Ra7 {78} 21. Bb2 Qe8 {[%cal Ge8a8]} 22.
Ra1 $1 Rxa1 23. Bxa1 Qb8 24. Bb2 {[%emt 0:00:27]} Kf8 25. Be2 Ke7 {60} 26. f4
$1 Nbd7 27. fxe5 Nxe5 28. Bxe5 dxe5 29. Qc5+ Kd7 $4 (29... Ke8 $8) 30. b6 1-0

[Event "Prague m1"]
[Site "Prague"]
[Date "2006.08.12"]
[Round "4"]
[White "Gelfand, Boris"]
[Black "Navara, David"]
[Result "1/2-1/2"]
[WhiteElo "2729"]
[BlackElo "2719"]
[Annotator "Postny,E"]
[PlyCount "64"]
[EventDate "2006.07.29"]
[EventType "match"]
[EventRounds "4"]
[EventCountry "CZE"]
[SourceTitle "CBM 114"]
[Source "ChessBase"]
[SourceDate "2006.10.02"]
[SourceVersion "1"]
[SourceVersionDate "2006.10.02"]
[SourceQuality "1"]

1. d4 Nf6 2. c4 e6 3. Nc3 Bb4 4. Qc2 Nc6 {A rare move.} (4... O-O) (4... c5) (
4... d5 {are the main lines.}) 5. Nf3 d6 ({More aggressive line is:} 5... d5 6.
a3 Bxc3+ 7. Qxc3 Ne4 8. Qc2 e5 9. e3 Bf5 10. Bd3 exd4 11. exd4 O-O 12. O-O Re8
{with good chances to equalize.}) 6. Bd2 O-O 7. a3 Bxc3 8. Bxc3 $14 {White has
small, but long-lasting advantage thanks to a pair bishops and a space
superiority.} Qe7 {Black's plan is connected with e6-e5 advance, opening the
diagonal for the light-squared bishop.} 9. e3 ({Another common way of
development is:} 9. g3 {followed by 10.Bg2.}) 9... a5 (9... e5 10. Be2 Bg4 11.
O-O e4 12. Ne1 Bxe2 13. Qxe2 a6 14. Nc2 d5 15. Nb4 Qe6 16. b3 Ne7 17. a4 c6 $11
{1/2-1/2 Sokolov,I (2610)-Yermolinsky,A (2597)/Wijk aan Zee 1999/CBM 068 ext 
(27)}) 10. Be2 ({I would prefer} 10. b3 $5 {preventing a5-a4.}) 10... e5 ({
I wonder, what would happen after} 10... a4 {!? In this case white's queenside
offensive will be under question. The pawn on a4 can hardly be called a target.
..}) 11. d5 Nb8 12. b4 {Going for a typical plan of queenside pawns offensive.}
axb4 13. axb4 Rxa1+ 14. Bxa1 b5 $1 {Navara correctly strives for active
counterplay.} (14... c6 $6 15. dxc6 bxc6 16. O-O Bg4 17. h3 Bh5 18. c5 dxc5 19.
g4 Bg6 (19... e4 20. Ne5 Bg6 21. Qxc5 $16) 20. Qxc5 Qxc5 21. bxc5 e4 22. Ne5
$16) 15. O-O Nbd7 16. e4 bxc4 17. Nd2 $1 {White will capture the Pc4 by knight
and at the same time preparing the thrust f2-f4.} Nb6 18. Nxc4 Nxc4 19. Qxc4 (
19. Bxc4 $6 Nh5 $132 {[%cal Gf7f5]}) 19... Ne8 {Navara is preparing f7-f5 as a
counterstrike.} 20. f4 {A logical attempt to open the game in favour of pair
of bishops. However, the continuation of the game shows that Black has
sufficient defensive resources.} ({Probably, it was preferable to prepare for
a long-term struggle by:} 20. Bb2 $5 f5 21. f3 fxe4 22. fxe4 Rxf1+ 23. Bxf1 $14
) 20... exf4 21. Qd4 (21. Rxf4 f5 22. Qd3 fxe4 23. Qxe4 Qxe4 24. Rxe4 Nf6 25.
Re7 Rf7 26. Bxf6 gxf6 $11) 21... f5 22. Rxf4 {Leads to a massive
simplifications and a forced draw.} (22. e5 $5 dxe5 23. Qxe5 Qxb4 (23... Qxe5
24. Bxe5 g5 25. Bc4 Nd6 26. Bxd6 cxd6 27. Bb5 Bb7 28. Bc6 Rb8 29. b5 $14) 24.
Rxf4 Qd6 {White has compensation for the pawn, but not more.}) 22... Nf6 {
White's main problem is that Be2 is unprotected.} 23. e5 dxe5 24. Qxe5 Qxe5 25.
Bxe5 Re8 (25... Nxd5 $2 26. Bc4 c6 27. b5 Re8 28. Bc7 $1 (28. Bd6 Re6 29. bxc6
Rxd6 30. Rd4 Be6 31. c7 Rc6 32. Bxd5 Bxd5 33. Rxd5 Rxc7 34. Rxf5 $11) (28. bxc6
Rxe5 29. Rd4 Be6 30. Rxd5 Rxd5 (30... Bxd5 $4 31. c7 Re8 32. Bxd5+ Kf8 33. Be6
$18) 31. c7 Kf8 32. Bxd5 Bc8 $15 {[%csl Rc7][%cal Gf8e7,Ge7d6,Gd6c7]}) 28...
Be6 29. Bxd5 cxd5 30. b6 Bc8 31. Ra4 $16) 26. Bxf6 Rxe2 27. Bd8 Rc2 {Now, the
draw is obvious due to opposite colour bishops.} 28. b5 Rc5 29. Rd4 Bb7 30. b6
cxb6 31. d6 Rd5 32. Bxb6 Rxd4 1/2-1/2

[Event "Cappelle op 32nd"]
[Site "Cappelle la Grande"]
[Date "2016.02.18"]
[Round "7"]
[White "Jussupow, Artur"]
[Black "Bauer, Christian"]
[Result "1/2-1/2"]
[WhiteElo "2578"]
[BlackElo "2631"]
[Annotator "Primel,D"]
[PlyCount "40"]
[EventDate "2016.02.13"]
[EventType "swiss"]
[EventRounds "9"]
[EventCountry "FRA"]
[SourceTitle "EXT 2017"]
[Source "ChessBase"]
[SourceDate "2016.10.25"]
[SourceVersion "1"]
[SourceVersionDate "2016.10.25"]
[SourceQuality "1"]
[TimeControl "40/5400+30:1800+30"]
[WhiteClock "1:30:00"]
[BlackClock "1:30:00"]

1. d4 Nf6 2. c4 Nc6 3. Nf3 e6 4. Nc3 Bb4 5. Qc2 d6 6. Bd2 O-O 7. a3 Bxc3 8.
Bxc3 Qe7 9. g3 (9. e3 e5 10. d5 Nb8 11. Nd2 a5 12. b3 Nbd7 13. Be2 b5 14. e4
bxc4 15. Nxc4 Nc5 16. Nd2 Ba6 17. Bxa6 Rxa6 18. b4 axb4 19. axb4 Rxa1+ 20. Bxa1
Na6 21. O-O Ra8 22. Bc3 Nb8 23. Nc4 Qd7 24. Bd2 Qa4 25. Qxa4 Rxa4 26. f3 Kf8
27. Kf2 Ke7 28. Na5 Na6 29. Nc6+ Ke8 30. Ke2 Nd7 31. Rc1 f6 32. Kd3 Nb6 33. Kc3
Ra2 34. Rd1 Ra3+ 35. Kc2 Kd7 36. Bc1 Ra2+ 37. Kb3 Rxg2 38. Be3 Re2 {Wojtaszek,
R (2727)-Tregubov,P (2582) Gibraltar 2016 1-0 (61)}) 9... a5 10. b3 e5 11. dxe5
dxe5 12. Bg2 e4 $146 (12... Bg4 13. O-O Rfe8 14. Rfd1 Qc5 15. Qb2 Ne4 16. Be1
Qe7 17. b4 axb4 18. axb4 Rxa1 19. Rxa1 Nd6 20. b5 Bxf3 21. exf3 Nd4 22. Rc1 Qe6
23. f4 Nxc4 24. Qa2 exf4 25. Bf1 Nf3+ 26. Kh1 Qh6 27. h3 fxg3 28. Qxc4 Nxe1 29.
fxg3 Qd2 30. Qc3 Qf2 31. Qc4 Nf3 32. Bg2 Qxg3 {0-1 (32) Gebhardt,U (2225)
-Chernov,V (2445) Baden 2012}) 13. Nd4 e3 $1 14. f3 Nxd4 15. Bxd4 c5 16. Bc3 a4
17. O-O Qe6 18. Rad1 Re8 19. f4 Qa6 20. f5 axb3 1/2-1/2